[Event "Mashhad Ferdowsi op 6th"]
[Site "Mashhad"]
[Date "2016.02.04"]
[Round "8"]
[White "Ghaem Maghami, Ehsan"]
[Black "Vassalam, Mohammad Taghi"]
[Result "1-0"]
[WhiteElo "2594"]
[BlackElo "2053"]
[PlyCount "95"]
[EventDate "2016.01.29"]
[EventType "swiss"]
[EventRounds "9"]
[EventCountry "IRI"]
[SourceTitle "CBM 170 Extra"]
[Source "ChessBase"]
[SourceDate "2016.02.25"]
[SourceVersion "1"]
[SourceVersionDate "2016.02.25"]
[SourceQuality "1"]

1. Nf3 d5 2. d4 e6 3. c4 a6 4. cxd5 exd5 5. Nc3 b5 6. g3 b4 7. Na4 Bd6 8. Bg2 Ne7 9. e4 dxe4 10. Ng5 c6 11. Qh5 g6 12. Nxe4 Nf5 13. Nxd6+ Qxd6 14. Qe2+ Be6 15. Bf4 Qe7 16. Nb6 g5 17. Be5 f6 18. Nxa8 fxe5 19. Qxe5 Bc4 20. Nb6 Bb5 21. 0-0-0 Qxe5 22. dxe5 Rf8 23. Rd2 c5 24. Nd5 Nd4 25. Nf6+ Ke7 26. h4 g4 27. Nxh7 Rf5 28. Nf6 Ne2+ 29. Rxe2 Bxe2 30. h5 Rxe5 31. h6 Kxf6 32. h7 Re8 33. h8Q+ Rxh8 34. Rxh8 Nd7 35. Kd2 Bb5 36. Rc8 Ke6 37. Bc6 Kd6 38. Bxd7 Bxd7 39. Ra8 Bb5 40. Ke3 Ke5 41. Rc8 Kd5 42. Rg8 Bd7 43. Rg5+ Kd6 44. Rg6+ Be6 45. Ke4 a5 46. b3 Ke7 47. Ke5 Bd7 48. Rg7+ 1-0